00286nam a2200121Ia 4500003000400000005001700004008004100021020001800062040000900080100002200089245002200111260003100133OSt20231206071754.0170524s9999 xx 000 0 und d a0-07-058159-2 ciimt aSENGUPTA- SUBROTO 0aBRAND POSITIONING bTATA MCGRAW HILL NEW DELHI